Länder dessen Hauptstadt mit V beginnt - Statistiken

Allgemein
  • Dieses Quiz wurde 122 mal gespielt
  • Das Durchschnittsergebnis liegt bei 3 aus 5
Antwortstatistiken
Kontinent Land % Korrekt
Europa Litauen
80%
Europa Liechtenstein
77%
Europa Malta
72%
Asien Laos
57%
Afrika Seychellen
33%
Keine übereinstimmenden Quizze gefunden
Verteilung der Resultate
Anzahl Personen mit jedem Resultat
Perzentil nach korrekt beantworteten Fragen
Ihre Resultats-Entwicklung
Sie haben dieses Quiz noch nicht gespielt